000 00370pab a2200157 454500
008 180718b2003 xxu||||| |||| 00| 0 eng d
100 _aNagda, B.C.
245 _aCaste and health care utilisation - the trend
260 _c2003
300 _ap.32-34.
362 _aApr
650 _aCaste
650 _aHealth services
773 _aSocial Welfare
909 _a56002
999 _c56002
_d56002